000 00834nam a22002297a 4500
999 _c7329
_d7329
003 AR-CdUCM
008 190320b ||||| |||| 00| 0 spa d
040 _aMUNICIPALIDAD PROVINCIAL DEL CUSCO
_cBIBLIOTECA MUNICIPAL DEL CUSCO
082 _a581.985 /
_bV45
100 _aVenero G. José Luis
_920656
245 _aLaguna Orurillo :
_bguía de aves y flora /
260 _aCusco :
_bAlpha Servicios Gráficos,
_c2012.
300 _a167 páginas ;
_bIlustraciones,
_c21 cm.
505 _aLaguna Orurillo como ecosistema -- Ornitofauna -- Flora -- Atractivos turísticos, complementarios ...
650 _aConservación de la vida silvestre
_920657
650 _aFlora
_920658
650 _aAves
_92630
700 _aTupayachi Herrera, Alfredo
_920659
700 _aLoayza F., Washington
_920660
942 _2ddc
_cLIBROS
945 _aacv